Регионална библиотека "Любен Каравелов" - Русе

Седем вятърчета (Запис номер 143030)

MARC детайли
000 -Лидер
Контролно поле с фиксирана дължина 01849nam a2200421 a 4500
003 - Код на организацията, давaща контролен номер
Контролно поле BLK
005 - Дата и час на последна редакция
Контролно поле 20240723164150.0
008 - Елементи от данни с фиксирана дължина
fixed length control field 180409b bul|||||r ||||||| ||bul||
010 ## - Наследен системен номер
LC control number KNG00149134000
040 ## - Източник на каталожния запис
Идентификатор на билиотеката - собственик на записа BLK
041 ## - Код за език
Код за езика на текст/звукозапис или на отделно заглавие Български
Код за езика КДБФ Български
072 #7 - Код за тематичната категория
Код организация bullib
Код за тематична категория Я
Текст Автографи
072 #7 - Код за тематичната категория
Код организация bullib
Код за тематична категория РА
Текст Русенски автори
080 ## - УДК
Текстов определител УДК Българска литература
УДК код - определител по УДК 821.163.2
УДК определител -93-1
УДК - код + определител 821.163.2-93-1
100 ## - Редна дума - Автор
Автор Цанев, Иван
Автор - информация (биография) Поет. Литературовед. Преводач от гръцки и унгарски език.
Дати, свързани с автора 1941-
Пълна форма на името Иванов, Иван Цанев
R(LIN) 364167
139 ## - Редно поле
Редна дума Цанев, Иван
Авторски знак Цан - Ц 16
245 10 - Сведения за заглавието
Заглавие Седем вятърчета
Подзаглавни данни Стихове за деца и за родител
Редно поле (дума) Иван Цанев; худож. Иван Димов; * Иван Цанев Иванов.
257 ## - Страна на издаване
Страна на създаване/издаване България
260 ## - Област на издателските данни
Място на издаване, разпространение и проч. София
Име на издателя, разпространителя и проч. Бълг. писател
Година на издаване 1982
Печатница София : ДПК Д. Благоев
300 ## - Физическа характеристика
Страници 64 с.
Илюстрации и др. с ил.
Размери/Мащаб 21 см
380 ## - Жанр
Жанр Детска худож. лит.
500 ## - Общи забележки
Забележка Пълното име на авт. е Иван Цанев Иванов. - 8 113 тир.
653 ## - Ключова дума – ненормативна
Ключова дума стихотворения за деца
653 ## - Ключова дума – ненормативна
Ключова дума детска литература
653 ## - Ключова дума – ненормативна
Ключова дума литература за деца
659 ## - Тематичен бюлетин
Тематичен бюлетин Я
700 1# - Други автори (авторска отговорност)
Лично име Димов, Иван
Автороска отговорност (Описва отношението между автора и произведението) худож.
Друга информация Иванов, Иван Димов
9 (RLIN) 364198
700 1# - Други автори (авторска отговорност)
Лично име Иванов, Иван Цанев
Автороска отговорност (Описва отношението между автора и произведението) *
9 (RLIN) 327814
852 ## - Местоположение
Форматна сигнатура Цб 262361
852 ## - Местоположение
Форматна сигнатура К 821.163.2/Ц 16 И
856 4# - Електронен адрес и достъп
Електронен формат pdf - файл
Инструкция (цена за достъп) 0.58
Права за достъп disable
856 4# - Електронен адрес и достъп
Електронен формат pdf - файл
Инструкция (цена за достъп) 0.58
Права за достъп disable
999 ## - СИСТЕМНИ КОНТРОЛНИ НОМЕРА
Koha biblionumber 143030
Koha biblioitemnumber 143030
942 ## - АРТИКУЛИ
Вид на библиотечния материал Книги
Скрит в OPAC Не
Периодичен библиозапис Да
Koha issues (borrowed), all copies 2
944 ## - СЪЗДАВАНЕ И РЕДАКЦИЯ на ЗАПИСА
Създаване/Редакция Създаване
Дата на регистрацията/редакция 09.08.2013
Статус, дата на статуса Цветелина Шанова
Служител, извършил регистрацията/редакцията 30531
944 ## - СЪЗДАВАНЕ И РЕДАКЦИЯ на ЗАПИСА
Създаване/Редакция Редакция
Дата на регистрацията/редакция 15.10.2015
Статус, дата на статуса 09.08.2013 - от С1,Р / 09.08.2013
Служител, извършил регистрацията/редакцията Елица_Владова
999 ## - СИСТЕМНИ КОНТРОЛНИ НОМЕРА
Koha biblioitemnumber 143030
999 ## - СИСТЕМНИ КОНТРОЛНИ НОМЕРА
Koha biblioitemnumber 143030
Наличности
Код за отписване Код за изгубен артикул Източник на класификационната схема Код за повреда Коз за рестрикции Код за отдаване Артикулен № Име на библиотеката - собственик Име на библиотеката, в която се намира в момента Статус (Текущо местоположение) Дата на вписване в системата Местоположение - отдел Цена в лева Номерация (Хронология) Инвентарен номер Систематично азбучна сигнатура Баркод Номер на екземпляра Цена в евро Служебна бележка Служебен тип на артикула Бележка за публиката
  Не е изгубен Universal Decimal Classification Не е повреден без рестрикции ползва се в читалня 237156 Регионална библиотека "Любен Каравелов" Русе Регионална библиотека "Любен Каравелов" Русе Хранилище 1982-01-01 Хранилище 0.58 Автограф: Иван Цанев 356413 Цб 262361 120000356413 1 0.30 Вид: Сф N: стар фонд Дата: 01.01.1982 Книги  
  Не е изгубен Universal Decimal Classification Не е повреден без рестрикции ползва се в читалня 237157 Регионална библиотека "Любен Каравелов" Русе Регионална библиотека "Любен Каравелов" Русе Краезнание 1982-01-01 Краезнание 0.78   355666 К 821.163.2/Ц 16 И 120000355666 2 0.40 Вид: Сф N: стар фонд Дата: 01.01.1982 Дата инв: 15.11.2017 Бележки инв: К2017 Книги  
  Не е изгубен Universal Decimal Classification Не е повреден без рестрикции заемане за дома 237158 Регионална библиотека "Любен Каравелов" Русе Регионална библиотека "Любен Каравелов" Русе Подвързия, Комплектуване 1982-01-01 Детски отдел 0.78   355578 ДХ 886.7/Ц 16 120000355578 3 0.40 Вид: Сф N: стар фонд Дата: 01.01.1982 Дата инв: 07.10.2015 Бележки инв: Д2015 Книги  
Изтеглен Не е изгубен Universal Decimal Classification Не е повреден без рестрикции заемане за дома 237159 Регионална библиотека "Любен Каравелов" Русе Регионална библиотека "Любен Каравелов" Русе Детски отдел 1982-01-01 Детски отдел 0.78   355579 ДХ 886.7/Ц 16 355579 4 0.40 Вид: Сф N: стар фонд Дата: 01.01.1982 Дата инв: 07.10.2015 Бележки инв: Д2015 Книги  
Изтеглен Не е изгубен Universal Decimal Classification Не е повреден без рестрикции заемане за дома 237160 Регионална библиотека "Любен Каравелов" Русе Регионална библиотека "Любен Каравелов" Русе Детски отдел 1982-01-01 Детски отдел 0.78   355580 ДХ 886.7/Ц 16 355580 5 0.40 Вид: Сф N: стар фонд Дата: 01.01.1982 Дата инв: 07.10.2015 Бележки инв: Д2015 Книги  
Изтеглен Не е изгубен   Не е повреден без рестрикции заемане за дома 237161 Регионална библиотека "Любен Каравелов" Русе Регионална библиотека "Любен Каравелов" Русе   1982-01-01 Детски отдел 0.78   355581 ДХ 886.7/Ц 16 355581 6 0.40 N: стар фонд Дата: 01.01.1982 Дата инв: 15.10.2015 Бележки инв: Д2015 Книги Отч.N: 42/17 , Дата: 08.09.2017
Vip Innovations Ltd, Rousse, Bulgaria 2025